Empty Chairs At Empty Tables Lyrics - Les Miserables - Statistics

General Stats
  • This quiz has been taken 822 times
  • The average score is 24 of 28
Answer Stats
Lyrics Answer % Correct
_____ chairs at _____ tables empty
100%
Now __ _______ are dead and gone my friends
99%
Oh my friends, __ _______ my friends
99%
There's a pain goes __ ___ __ on and on
98%
There's a pain goes __ ___ __ on and on
98%
Here they talked of __________ revolution
98%
And tomorrow _____ ____ never came
95%
There's a _____ that can't be spoken grief
92%
_____ ______ at empty tables Empty chairs
90%
Empty chairs at _____ ______ empty tables
90%
Where my friends will meet __ ____ no more
90%
There's a _____ that can't be spoken grief
89%
Don't ___ __ ask me
87%
From ___ _____ in the corner the table
84%
What ____ _________ was for your sacrifice
83%
Oh my friends, my friends _______ __ forgive me
82%
____ __ ___ they lit the flame Here it was
82%
That _ ____ and you ___ ____ I live, are gone
82%
Became their last _________ communion
80%
I can ____ ____ ___ hear them now
80%
They could see _ _____ ______ a world reborn
79%
Here ____ ____ _____ tomorrow they sang about
78%
_______ _____ at the window Phantom faces
75%
The ____ _____ that they had sung very words
75%
Where my friends will ____ __ ____ sing no more
74%
_______ _______ on the floor Phantom shadows
72%
On the _____ ________ at dawn lowly barricade
67%
And ____ ____ with voices ringing they rose
64%
No matching quizzes found
Score Distribution
Percent of People with Each Score
Percentile by Number Answered
Your Score History
You have not taken this quiz